Low-Income Honsing : Approaches-Suggestions-Recommentations Cairo Conference. 20-25.4.1975
Gespeichert in:
| Format: | Buch |
|---|---|
| Sprache: | Englisch |
| Veröffentlicht: |
Káhira :
bez miesta vydania,
1975
|
| Tags: |
Keine Tags, Fügen Sie das erste Tag hinzu!
|
MARC
| LEADER | 00000nam a22000003a 4500 | ||
|---|---|---|---|
| 001 | stu29694 | ||
| 005 | 20150408181105.2 | ||
| 008 | 950919s1975----ua------------------eng-d | ||
| 040 | |a STU |b slo | ||
| 041 | 0 | |a eng | |
| 044 | |a ua | ||
| 080 | |a 69(08) |7 stu_us_auth*stu13204 | ||
| 245 | |a Low-Income Honsing : |b Approaches-Suggestions-Recommentations Cairo Conference. 20-25.4.1975 | ||
| 260 | |a Káhira : |b bez miesta vydania, |c 1975 | ||
| 300 | |a 352 s | ||
| 996 | |c V*35289/O-14643 |l VV1 |s P |a 0 |w stu29694_0001 | ||